| 000 | 01197cad a22002295a 4500 | ||
|---|---|---|---|
| 001 | E144995 | ||
| 008 | 080829s2004 xxka f 000 0 eng d | ||
| 035 | _a(Sirsi) u144995 | ||
| 041 | 0 | _aeng | |
| 050 | 0 | 4 | _a711.7 $2 18 |
| 110 | 2 |
_aScotland _bScottish Executive _94769 |
|
| 245 | 0 | 0 |
_aScotland's transport future _bthe transport white paper, June 2004 _h[electronic reesource] |
| 260 |
_aEdinburgh _bScottish Executive _c2004 |
||
| 300 |
_a72p. _bill. _c30cm. |
||
| 505 | 2 | _aMinisterial foreword -- Context and challenges -- Objectives -- Policy levers -- Delivering our vision: improving infrastructure; improving services; travel behaviour -- Delivery structures: the case for change; national transport agency; regional transport partnerships -- Further legislative changes -- Planning for the future -- Appendix | |
| 520 | _aSets out the vision for transport in Scotland and the ways in which this will be achieved. | ||
| 521 | _aIntroductory | ||
| 651 | 4 |
_aScotland _y1999- |
|
| 690 | _aPROPERTY-INFRASTRUCTURE-TRANSPORT INFRASTRUCTURE | ||
| 856 | 4 | 1 |
_uhttps://www.scotland.gov.uk/Publications/2004/06/stfwp/0 _zView the white paper free of charge at www.scotland.gov.uk... |
| 942 | _n0 | ||
| 999 |
_c108665 _d108665 |
||